000 00569nam a2200205 i 4500
001 C2-0254329
003 PPAK
005 20180727221957.0
008 040429s my a|||| ||||| | may d
040 _aPPAK
_beng
_cPPAK
_erda
082 0 4 _a070.4
_223
090 0 0 _a070.4
_bMAS
_dR
245 0 0 _aMassa
264 1 _aKuala Lumpur :
_bUtusan Melayu (Malaysia) Berhad ,
_cApr - Ogos 2000
300 _avarious pages :
_bcolour illustrations ;
_c27 cm
336 _2rdacontent
_atext
337 _2rdamedia
_aunmediated
338 _2rdacarrier
_avolume
942 _ddc
_cB
999 _c67071
_d67071